Reader's Digest Complete guide to needlework / (Record no. 84)

MARC details
000 -LEADER
fixed length control field 00911nam a2200289 i 4500
005 - DATE AND TIME OF LATEST TRANSACTION
control field 20260322212005.0
008 - FIXED-LENGTH DATA ELEMENTS--GENERAL INFORMATION
fixed length control field data
010 ## - LIBRARY OF CONGRESS CONTROL NUMBER
LC control number 78071704
020 ## - INTERNATIONAL STANDARD BOOK NUMBER
International Standard Book Number 0895770598
020 ## - INTERNATIONAL STANDARD BOOK NUMBER
International Standard Book Number 9780895770592
040 ## - CATALOGING SOURCE
Original cataloging agency DLC
Transcribing agency DLC
Modifying agency DLC
050 00 - LIBRARY OF CONGRESS CALL NUMBER
Classification number TT750
Item number .R38
082 00 - DEWEY DECIMAL CLASSIFICATION NUMBER
Classification number 746
092 ## - LOCALLY ASSIGNED DEWEY CALL NUMBER (OCLC)
Classification number 746 R38 1979
001 - CONTROL NUMBER
control field data
245 10 - TITLE STATEMENT
Title Reader's Digest Complete guide to needlework /
Statement of responsibility, etc. Virginia Colton & Reader's Digest Association.
260 ## - PUBLICATION, DISTRIBUTION, ETC.
Place of publication, distribution, etc. Pleasantville, N.Y. :
Name of publisher, distributor, etc. Reader's Digest Association,
Date of publication, distribution, etc. c1979.
300 ## - PHYSICAL DESCRIPTION
Extent 504 p. :
Other physical details ill. (some col.) ;
Dimensions 22 x 26 cm.
500 ## - GENERAL NOTE
General note Includes index.
650 #0 - SUBJECT ADDED ENTRY--TOPICAL TERM
Topical term or geographic name entry element Needlework.
700 1# - ADDED ENTRY--PERSONAL NAME
Personal name Colton, Virginia.
710 2# - ADDED ENTRY--CORPORATE NAME
Corporate name or jurisdiction name as entry element Reader's Digest Association.
740 ## - ADDED ENTRY--UNCONTROLLED RELATED/ANALYTICAL TITLE
Uncontrolled related/analytical title Complete guide to needlework.
906 ## - LOCAL DATA ELEMENT F, LDF (RLIN)
a 7
b cbc
c orignew
d 2
e opcn
f 19
g y-gencatlg
991 ## -
-- c-GenColl
-- TT750
-- .R38
-- Copy 1
-- BOOKS
991 ## -
-- c-GenColl
-- TT750
-- .R38
-- 00017002193
-- Copy 2
-- CCF
Holdings
Withdrawn status Lost status Damaged status Not for loan Home library Current library Shelving location Date acquired Total checkouts Full call number Barcode Date last seen Price effective from Koha item type
        Fairfield Fairfield General stacks 22/03/2026   746 BC0010087 22/03/2026 22/03/2026 Books